000
00226nam a2200109Ia 4500
100
_a
#N/A
942
_c
BK
654
_a
dedian gnu/ linux/ dvd
245
_a
Dedian GNU/ Linux/ DVD Extreme
260
_b
#N/A
546
_a
ENGLISH
999
_c
31266
_d
31266